• 首页
  • 本馆介绍
  • 公告通知
  • 最新文献
  • 馆藏检索
  • 电子资源
  • 读者导购
  • 参考咨询
  • 我的图书馆
  • 登录
  • 详细信息显示
  • 放入我的书架
  • 预约/预借图书
  • 作者相关作品
  • 分类相关作品
  • 丛书相关作品
  • 出版社相关作品

书目信息

  • 表格格式
  • 工作单格式
  • 卡片格式
题名:
药物分析与检验技术
    
 
作者: 王炳强 , 张正兢 主编
分册:  
出版信息: 北京   化学工业出版社  2005
页数: 263页
开本: 26cm
丛书名:
单 册:
中图分类: R917 , R927.1
科图分类:
主题词: 药物分析--高等教育--自学参考资料 , 药品检定--高等教育--自学参考资料 , 药物分析 , 药品检定
电子资源:
ISBN: 7-5025-6576-0
000 01136nam0 2200313 450
001 002939241
005 20070720104719.51
010    @a7-5025-6576-0@dCNY29.00
035    @a002939241
100    @a20050317d2005 em y0chiy0110 ea
101 0  @achi
102    @aCN@b110000
105    @ay z 000yy
106    @ar
200 1  @a药物分析与检验技术@Ayao wu fen xi yu jian yan ji shu@f王炳强,张正兢主编@Fwang bing qiang, zhang zheng jing zhu bian
210    @a北京@c化学工业出版社@d2005
215    @a263页@d26cm
300    @a教育部高职高专规划教材
330    @a本书理论部分系统介绍了药品质量控制的标准和基本要求,阐述了常用的结构已经明确的化学药物、天然药物、抗生素极其制剂的鉴别、纯度检查及含量测定的原理和方法;实验部分以现代仪器分析方法为主,介绍了药物分析常用的实验操作技术。
606 0  @a药物分析@x高等教育@j自学参考资料
606 0  @a药品检定@x高等教育@j自学参考资料
606 0  @a药物分析
606 0  @a药品检定
690    @aR917@v4
690    @aR927.1@v4
701  0 @a王炳强@Awang bing qiang@c(药物分析)@4主编
701  0 @a张正兢@Azhang zheng jing@4主编
801  0 @aCN@bNLC@c20070720
905    @dR917@e63@f5
    
    药物分析与检验技术/王炳强,张正兢主编.-北京:化学工业出版社,2005
    263页;26cm
    教育部高职高专规划教材
    
    ISBN 7-5025-6576-0:CNY29.00
    本书理论部分系统介绍了药品质量控制的标准和基本要求,阐述了常用的结构已经明确的化学药物、天然药物、抗生素极其制剂的鉴别、纯度检查及含量测定的原理和方法;实验部分以现代仪器分析方法为主,介绍了药物分析常用的实验操作技术。
●
相关链接 在E读中查询图书 在五车中查询图书 在当当中查询图书 在豆瓣中查询图书


正题名:药物分析与检验技术     索取号:R917/63         预约/预借

序号 登录号 条形码 馆藏地/架位号 状态 备注
1 0850179   208501799   第二样本阅览室/ [索取号:R917/63] 在馆    
2 0850180   208501806   第三借阅区/ [索取号:R917/63] 在馆    
3 0850181   208501815   第三借阅区/ [索取号:R917/63] 在馆    
4 0850182   208501824   第三借阅区/ [索取号:R917/63] 在馆    
5 0850183   208501833   第三借阅区/ [索取号:R917/63] 在馆    
唐山师范学院图书馆 欢迎您!
大连网信软件有限公司© 版权所有